Zhodnotenie a prínosy embryotransféru z doterajšej praxe v SSR

Bibliographic Details
Main Authors: Pivko, Juraj, 1944- (Author), Grafenau, Peter, 1944- (Author), Trandžík, Jozef (Author)
Format: Article
Language:Slovak
Subjects:

MARC

LEADER 00000nab a2200000 a 4500
001 vtls000412373
003 SK-MaSNL
005 20260304212905.0
008 120925c1990 xo 0 slo
015 |a SNBRA19rr/mm-uuuuu 
035 |a CL0412498 
040 |a SNKBUCL  |b slo  |c SNKBUCL  |e AACR2 
041 0 |a slo 
044 |a xo  |c SK 
080 |a 591.39:636.082.45  |2 1981 
080 |a 636.082.45  |2 1981 
080 |a 591.39  |2 1981 
100 1 |a Pivko, Juraj,  |d 1944-  |4 aut 
245 1 0 |a Zhodnotenie a prínosy embryotransféru z doterajšej praxe v SSR  |c Juraj Pivko, Peter Grafenau, Jozef Trandžík 
650 0 7 |a hospodárske zvieratá  |2 snkbucl  |9 1097 
650 0 7 |a embryá (zoológia)  |2 snkbucl  |9 259336 
655 7 |a články zo zborníkov  |2 snkbucl  |9 166140 
700 1 |a Grafenau, Peter,  |d 1944-  |4 aut  |9 9047 
700 1 |a Trandžík, Jozef  |4 aut  |9 365768 
773 0 |t Dvanásty celoslovenský seminár o reprodukcii hospodárskych zvierat  |d Košice : Dom techniky ČSVTS, 1990 
850 |a Slovenská národná knižnica v Martine  |a MTA001 
852 |a SNK  |b KIS3GCP 
958 |a RK 
992 |a RZB 
999 |c 3133333  |d 3135263